Catalog

Record Details

Catalog Search



Olivia  Cover Image Book Book

Olivia / written and illustrated by Ian Falconer.

Summary:

Whether at home getting ready for the day, enjoying the beach, or at bedtime, Olivia is a feisty pig who has too much energy for her own good.

Record details

  • ISBN: 9780689829536
  • ISBN: 0689829531
  • ISBN: 0439319048
  • Physical Description: 1 v. (unpaged) : illustrations ; 29 cm.
  • Publisher: New York : Atheneum Books for Young Readers, ©2000.

Content descriptions

General Note:
"An Anne Schwartz book."
Awards Note:
Caldecott Honor Book, 2001
Subject: Caldecott Honor Book > 2001.
Swine > Juvenile fiction.
Behavior > Fiction.

Available copies

  • 1 of 1 copy available at scottsboropl.

Holds

  • 0 current holds with 1 total copy.
Show Only Available Copies
Location Call Number / Copy Notes Barcode Shelving Location Status Due Date
scottsboropl E Fal 32269000624539 Juvenile - Easy Available -

LDR 01202cam a2200349 a 4500
001117354
003CONS
00520150915124317.0
008990408s2000 nyua b 000 1 eng
010 . ‡a 99024003
020 . ‡a9780689829536
020 . ‡a0689829531
020 . ‡a0439319048
035 . ‡a(CPomAG)LMN314050
042 . ‡alcac
05000. ‡aPZ7.F1865 ‡bOl 2000
08200. ‡a[E] ‡221
1001 . ‡aFalconer, Ian, ‡d1959-
24510. ‡aOlivia / ‡cwritten and illustrated by Ian Falconer.
260 . ‡aNew York : ‡bAtheneum Books for Young Readers, ‡c©2000.
300 . ‡a1 v. (unpaged) : ‡billustrations ; ‡c29 cm.
4901 . ‡aOlivia
500 . ‡a"An Anne Schwartz book."
520 . ‡aWhether at home getting ready for the day, enjoying the beach, or at bedtime, Olivia is a feisty pig who has too much energy for her own good.
586 . ‡aCaldecott Honor Book, 2001
650 1. ‡aCaldecott Honor Book ‡y2001.
650 0. ‡aSwine ‡vJuvenile fiction.
650 1. ‡aBehavior ‡vFiction.
830 0. ‡aOlivia.
914 . ‡dNPC_jp ‡dNAC_cp ‡dLMN_cm
959 . ‡i32269000624539 ‡lE Fal ‡aJuvenile - Easy ‡tEasy ‡g17.00
852 . ‡p32269000624539 ‡jE Fal ‡gJuvenile - Easy ‡cEasy ‡y17.00 ‡bSBPL
901 . ‡a117354 ‡bUnknown ‡c117354 ‡tbiblio

Additional Resources